Βία στο Σχολείο / Έρευνες και Πολιτικές στην Ευρώπη (Record no. 6181)
[ view plain ]
| 000 -LEADER | |
|---|---|
| fixed length control field | 02224cam a22002054a 4500 |
| 005 - ΗΜΕΡΟΜΗΝΙΑ ΚΑΙ ΩΡΑ ΤΕΛΕΥΤΑΙΑΣ ΕΝΗΜΕΡΩΣΗΣ | |
| Πεδίο ελέγχου | 20250605163527.0 |
| 008 - FIXED-LENGTH DATA ELEMENTS--GENERAL INFORMATION | |
| Πεδίο ελέγχου σταθερού μήκους | 250528s ||||||||||||||||||||||||d |
| 035 ## - SYSTEM CONTROL NUMBER | |
| System control number | 21112 |
| 020 ## - ISBN | |
| ISBN | 9789603752653 |
| 040 ## - ΠΗΓΗ ΚΑΤΑΛΟΓΟΓΡΑΦΗΣΗΣ | |
| Φορέας πρωτότυπης καταλογογράφησης | MC Athens Campus Library |
| Γλώσσα καταλογογράφησης | Ελληνικά, Μοντέρνα (1453-) |
| Modifying agency | MC Athens Campus Library |
| Κανόνες περιγραφικής καταλογογράφησης | AACR2 |
| 245 1# - ΤΙΤΛΟΣ ΚΑΙ ΔΗΛΩΣΗ ΥΠΕΥΘΥΝΟΤΗΤΑΣ | |
| Τίτλος | Βία στο Σχολείο / Έρευνες και Πολιτικές στην Ευρώπη |
| 250 ## - EDITION STATEMENT | |
| Edition statement | 1η |
| 260 ## - PUBLICATION, DISTRIBUTION, ETC. | |
| Name of publisher, distributor, etc. | Μεταίχμιο, |
| Date of publication, distribution, etc. | 2001 |
| 300 ## - PHYSICAL DESCRIPTION | |
| Extent | 194 |
| 520 ## - SUMMARY, ETC. | |
| Summary, etc. | Το βιβλίο εξετάζει τις διαδικασίες της κοινωνικής αναγνώρισης του φαινομένου της σχολικής βίας στο πλαίσιο των θεσμών της Ευρωπαϊκής Ένωσης. Εισαγωγή, Η Οριοθέτηση του Προβλήματος στο Πλαίσιο της Ευρωπαϊκής Ένωσης, Η Εκπαιδευτική Πολιτική στο Πλαίσιο της Ευρωπαϊκής Ενοποίησης: Γενικά, Η Διάσκεψη της Ουτρέχτης για την Ασφάλεια στο Σχολέιο και η Αφετηρία της Ευρωπαϊκής Πρωτοβουλίας, Η ''Κατασκευή'' του Προβλήματος - Έννοια και Μορφές και Χαρακτηριστικά, Οι Επόμενες Ευρωπαϊκές Πρωτοβουλίες, Η Σχολική Βία στα Κράτη Μέλη της Ευρωπαϊκής Ένωσης: Ερευνητικά Δεδομένα και Πολιτικές Αντιμετώπισης, Σουηδία, Ολλανδία, Γερμανία, Δανία, Ηνωμένο Βασίλειο, Ελλάδα, Ισπανία, Γαλλία, Φινλανδία, Βέλγιο, Αυστρία, Ιρλανδία, Άλλες Ευρωπαϊκές Χώρες (Ιταλία, Λουξεμβούργο, Πορτογαλία), Συγκριτικές Παρατηρήσεις και Προτάσεις, Οι Έρευνες (Συγ)Κριτικές Παρατηρήσεις, Οι Πολιτικές: Κριτική και Προτάσεις, Επίλογος, Βιβλιογραφία. |
| 700 1# - ΠΡΟΣΘΕΤΗ ΑΝΑΓΡΑΦΗ--ΦΥΣΙΚΟ ΠΡΟΣΩΠΟ | |
| Personal name | Αρτινοπούλου Βάσω |
| 942 ## - ADDED ENTRY ELEMENTS (KOHA) | |
| Koha item type | Books |
| Τύπος τεκμηρίου | Βιβλιοθήκη | Τρέχουσα τοποθεσία | Barcode | Αριθμός εισαγωγής | Ημερομηνία απόκτησης | Ταξιθετικό σύμβολο | Αριθμός αντιτύπου | Κατάσταση απόσυρσης | Κατάσταση χαμένου | Κατάσταση κατεστραμμένου | Μη δανεισμός | Σύνολο δανεισμών | Ημερομηνία τελευταίας εμφάνισης | Η τιμή ισχύει από |
|---|---|---|---|---|---|---|---|---|---|---|---|---|---|---|
| Books | MC Athens Campus Library | MC Athens Campus Library | 9780000061805 | 2768 | 05/06/2025 | 371.782 ART | 1 | 05/06/2025 | 05/06/2025 |